| 000 | 01995cam a2200337 i 4500 | ||
|---|---|---|---|
| 003 | SA_RiAUC | ||
| 003 | SA-RiAUC | ||
| 005 | 20251229071836.0 | ||
| 008 | 251124s2005____le g 000 0dara c | ||
| 040 |
_aSA-RiIMS _bara _cSA-RiAUC _erda |
||
| 082 | 0 |
_a233.1 _qSA-RiAUC |
|
| 090 |
_a233.1 _bف ا د |
||
| 100 | 1 |
_aالفاداني، محمد ياسين بن محمد عيسى، _d1335-1411 هجري _eمؤلف. |
|
| 245 | 1 | 2 |
_aالروض الفائح وبغية الغادي والرائح بإجازة فضيلة الأستاذ محمد رياض المالح 1358-1419 هـ / _cمحمد ياسين محمد عيسى الفاداني المكي ؛ تحقيق يوسف عبد الرحمن المرعشلي. |
| 250 | _aالطبعة الأولى. | ||
| 264 | 1 |
_aبيروت : _bدار البشائر الإسلامية، _c2005 |
|
| 300 |
_a894 صفحة ؛ _c24 سم. |
||
| 336 |
_aنص _btxt _2rdacontent _3كتاب |
||
| 337 |
_aبدون وسيط _bn _2rdamedia |
||
| 338 |
_aمجلد _bnc _2rdacarrier |
||
| 490 | 1 |
_aمكتبة نظام يعقوبي الخاصة (المنامة). _aالأثبات والمشيخات والإجازات والمسلسلات ؛ _v3 |
|
| 563 | _aتجليد شمواه. | ||
| 600 | 1 | 7 |
_aالمالح، محمد رياض، _d1358-1419 هجري _xآراء حول الحديث _2aucnm |
| 650 | 7 |
_aالإجازة (علم الحديث) _2aucsh |
|
| 650 | 7 |
_aالحديث _xرواية _2aucsh |
|
| 700 | 1 |
_aالمرعشلي، يوسف عبد الرحمن، _d1952- _eمحقق. |
|
| 700 | 1 | 2 |
_iتحقيق لـ (عمل) : _aالفاداني، محمد ياسين بن محمد عيسى، _d1335-1411 هجري _tالروض الفائح وبغية الغادي والرائح بإجازة فضيلة الأستاذ محمد رياض المالح 1358-1419 هـ. |
| 830 | 2 |
_aمكتبة نظام يعقوبي الخاصة. _pالأثبات والمشيخات والإجازات والمسلسلات _v3 |
|
| 942 |
_2ddc _cBOOK _n0 |
||
| 949 |
_aSA-JeALM _d251124 _umohamedma123 _n1 |
||
| 999 |
_c13768 _d13768 |
||